| 000 | 00837nam a22002417a 4500 | ||
|---|---|---|---|
| 003 | CUTN | ||
| 005 | 20260421144337.0 | ||
| 008 | 260421b |||||||| |||| 00| 0 eng d | ||
| 020 | _a9788199189331 | ||
| 041 | _aTamil | ||
| 082 |
_223rd _a910 _bCHO |
||
| 100 | _aசோழன் பப்ளிகேஷன்ஸ் | ||
| 245 | _aTNPSC குரூப் I, II, III & IV புவியியல் | ||
| 250 | _aமுதற்பதிப்பு | ||
| 260 |
_aசென்னை: _bசோழன் பப்ளிகேஷன்ஸ், _c2026. |
||
| 300 | _a256p., | ||
| 650 | _aTNPSC குரூப் I, II, | ||
| 650 | _aTNPSC குரூப் I, II, III & IV புவியியல் | ||
| 650 | _aபுவியியல் | ||
| 650 | _aCompetitive Books | ||
| 650 | _aCompetitive exam | ||
| 942 |
_2ddc _cCSB |
||
| 999 |
_c51118 _d51118 |
||